000 00839nam a2200313Ia 4500
001 52427
005 20240114005304.0
007 ta
008 100730s2010 g b000 u 903 u
020 _a81-8419-255-X
040 _aCotton College,Assam
041 _a903
082 _a004
_bMi 663 Dy
100 _aMinhas, Davinder Singh .
245 0 _aDynamic Memory Computer Course /
_cDavinder Singh Minhas.
_hTextual Documents
250 _aIst ed. /
260 _aNew Delhi :
_bFusion Books ,
_c2010.
300 _a560pg ;
_c20cm.
653 _aComputer science
653 _aDeptt- Computer science
653 _aDeptt- Computer science
653 _aG- Computer science
942 _2ddc
_cBK
999 _c52391
_d52391